[Event "Saint Louis Winter-B"]
[Site "Saint Louis"]
[Date "2018.11.13"]
[Round "9"]
[White "Perelshteyn, Eugene"]
[Black "Kevlishvili, Robby"]
[Result "0-1"]
[WhiteElo "2493"]
[BlackElo "2451"]
[PlyCount "102"]
[EventDate "2018.11.05"]
[EventType "tourn"]
[EventRounds "9"]
[EventCountry "USA"]
[EventCategory "12"]
[SourceTitle "CBM 187 Extra"]
[Source "ChessBase"]
[SourceDate "2018.11.04"]
[SourceVersion "1"]
[SourceVersionDate "2018.11.04"]
[SourceQuality "1"]

1. d4 d5 2. c4 c6 3. cxd5 cxd5 4. Nc3 Nf6 5. Bg5 Ne4 6. Nxe4 dxe4 7. a3 h6 8. Bd2 Qxd4 9. Qc2 Bd7 10. Bc3 Qa4 11. b3 Qc6 12. Qb2 Qg6 13. e3 Nc6 14. b4 e6 15. Ne2 f6 16. Nf4 Qf7 17. Be2 h5 18. 0-0-0 e5 19. Nd5 Be6 20. Bc4 0-0-0 21. Qb3 Kb8 22. b5 Nd4 23. Bxd4 exd4 24. Rxd4 Rc8 25. Kb1 Bc5 26. Rd2 Rhd8 27. Rhd1 Rd6 28. a4 Rcd8 29. a5 Bxd5 30. Rxd5 Qc7 31. Rc1 Rc8 32. Rxh5 Qxa5 33. Be6 Rxe6 34. Rhxc5 Rxc5 35. Rxc5 Re8 36. Kb2 Rd8 37. Rc2 Qb6 38. h4 a6 39. bxa6 Qxa6 40. Qa3 Qb5+ 41. Qb3 Qe5+ 42. Ka2 Rd3 43. Qb4 Rd6 44. Kb1 Rd1+ 45. Rc1 Rd5 46. Qf8+ Ka7 47. Rc4 Rb5+ 48. Rb4 Ra5 49. Kc2 Ra2+ 50. Kb3 Qb2+ 51. Kc4 Qc2+ 0-1

[Event "Saint Louis Winter-B"]
[Site "Saint Louis"]
[Date "2018.11.08"]
[Round "4"]
[White "Perelshteyn, Eugene"]
[Black "Mikhalevski, Victor"]
[Result "1/2-1/2"]
[WhiteElo "2493"]
[BlackElo "2574"]
[PlyCount "155"]
[EventDate "2018.11.05"]
[EventType "tourn"]
[EventRounds "9"]
[EventCountry "USA"]
[EventCategory "12"]
[SourceTitle "CBM 187 Extra"]
[Source "ChessBase"]
[SourceDate "2018.11.04"]
[SourceVersion "1"]
[SourceVersionDate "2018.11.04"]
[SourceQuality "1"]

1. d4 Nf6 2. Nf3 g6 3. Nc3 d5 4. Bf4 Bg7 5. Nb5 Na6 6. e3 0-0 7. h3 Ne4 8. Nd2 c6 9. Nxe4 dxe4 10. Nc3 c5 11. Be5 f6 12. Bh2 Qa5 13. Bc4+ Kh8 14. 0-0 f5 15. Be5 Rd8 16. Bxg7+ Kxg7 17. Qe2 cxd4 18. exd4 Rxd4 19. Rad1 Rxd1 20. Rxd1 Nc7 21. Rd8 Be6 22. Rxa8 Bxc4 23. Qxc4 Nxa8 24. Qd4+ Kg8 25. Qc4+ Kg7 26. Qd4+ Kg8 27. Qd7 Kf7 28. Qxb7 Nc7 29. Qb3+ Ne6 30. a4 Qc5 31. Qd5 Qb4 32. Qb5 Qd4 33. Qd5 a6 34. a5 e3 35. Qxd4 Nxd4 36. fxe3 Nxc2 37. Nd5 e6 38. Nb6 Nxe3 39. b4 Nc2 40. b5 Nb4 41. bxa6 Nxa6 42. Kf2 e5 43. Nd7 e4 44. Ke3 Ke7 45. Ne5 Kd6 46. Nf7+ Kd5 47. Ng5 h5 48. g4 Ke5 49. gxf5 gxf5 50. Nf7+ Ke6 51. Ng5+ Ke5 52. Nf7+ Kf6 53. Nd6 Ke6 54. Nc4 Kd5 55. Nb6+ Kc6 56. Nc8 Kd7 57. Nb6+ Kc6 58. Nc8 Kd7 59. Nb6+ Kd6 60. Nc4+ Kc5 61. Ne5 Nb4 62. Kf4 Kb5 63. Kxf5 e3 64. Kg5 e2 65. Nf3 Nc2 66. Kxh5 Kxa5 67. Kg4 Ne3+ 68. Kg3 Kb6 69. Kf2 Nf5 70. Kxe2 Kc5 71. Ng5 Kd6 72. Kf3 Ke5 73. Kg4 Kf6 74. Kf4 Kg6 75. Ne4 Ng7 76. Kg4 Nf5 77. Kf4 Ng7 78. Kg4 1/2-1/2

[Event "Saint Louis Winter-B"]
[Site "Saint Louis"]
[Date "2018.11.05"]
[Round "1"]
[White "Andriasian, Zaven"]
[Black "Perelshteyn, Eugene"]
[Result "1/2-1/2"]
[WhiteElo "2603"]
[BlackElo "2493"]
[PlyCount "63"]
[EventDate "2018.11.05"]
[EventType "tourn"]
[EventRounds "9"]
[EventCountry "USA"]
[EventCategory "12"]
[SourceTitle "CBM 187 Extra"]
[Source "ChessBase"]
[SourceDate "2018.11.04"]
[SourceVersion "1"]
[SourceVersionDate "2018.11.04"]
[SourceQuality "1"]

1. e4 c5 2. Nf3 Nc6 3. d4 cxd4 4. Nxd4 g6 5. Nc3 Bg7 6. Be3 Nf6 7. Bc4 Qa5 8. 0-0 0-0 9. Bb3 d6 10. h3 Bd7 11. Re1 Rac8 12. Qe2 Nh5 13. Nf5 gxf5 14. Qxh5 f4 15. Qxa5 Nxa5 16. Bxf4 Rxc3 17. bxc3 Bxc3 18. e5 Bxa1 19. Rxa1 dxe5 20. Bxe5 Nxb3 21. axb3 f6 22. Bd4 a6 23. f4 Kf7 24. c3 h5 25. Ra5 Kg6 26. Rc5 Rc8 27. Kf2 Rxc5 28. Bxc5 e5 29. fxe5 fxe5 30. Ke3 Kf5 31. g4+ hxg4 32. hxg4+ 1/2-1/2

[Event "Chicago op 27th"]
[Site "Chicago"]
[Date "2018.05.27"]
[Round "7"]
[White "Homa, Seth"]
[Black "Perelshteyn, Eugene"]
[Result "1-0"]
[WhiteElo "2231"]
[BlackElo "2522"]
[PlyCount "92"]
[EventDate "2018.05.24"]
[EventType "swiss"]
[EventRounds "9"]
[EventCountry "USA"]
[SourceTitle "CBM 184 Extra"]
[Source "ChessBase"]
[SourceDate "2018.06.28"]
[SourceVersion "1"]
[SourceVersionDate "2018.06.28"]
[SourceQuality "1"]

1. c4 Nf6 2. Nc3 g6 3. e4 d6 4. d4 Bg7 5. Nf3 0-0 6. Be2 Na6 7. 0-0 e5 8. d5 Nc5 9. Qc2 a5 10. Bg5 h6 11. Be3 b6 12. Nd2 Bg4 13. Qd1 Qc8 14. b3 Bxe2 15. Qxe2 Ng4 16. Bxc5 bxc5 17. f3 Nf6 18. Nb5 h5 19. a3 Bh6 20. b4 axb4 21. axb4 cxb4 22. Nb3 Qb7 23. Qf2 Rxa1 24. Rxa1 Ra8 25. Rxa8+ Qxa8 26. Kf1 Qa4 27. Qb2 Nd7 28. Nxc7 Be3 29. Ke2 Bb6 30. Nb5 Nc5 31. Nd2 b3 32. Qa3 Qxa3 33. Nxa3 Kf8 34. Nb5 Ke7 35. Nb1 f5 36. exf5 gxf5 37. f4 exf4 38. Nd4 Kf6 39. h3 b2 40. Nc6 Ne4 41. Kd3 f3 42. gxf3 Nf2+ 43. Kc2 Nxh3 44. Kxb2 Ng1 45. Nd2 h4 46. f4 Be3 1-0

[Event "Reykjavik op"]
[Site "Reykjavik"]
[Date "2018.03.13"]
[Round "8"]
[White "Perelshteyn, Eugene"]
[Black "Gledura, Benjamin"]
[Result "1-0"]
[WhiteElo "2513"]
[BlackElo "2632"]
[PlyCount "69"]
[EventDate "2018.03.06"]
[EventType "swiss"]
[EventRounds "9"]
[EventCountry "ISL"]
[SourceTitle "CBM 183 Extra"]
[Source "ChessBase"]
[SourceDate "2018.04.19"]
[SourceVersion "1"]
[SourceVersionDate "2018.04.19"]
[SourceQuality "1"]

1. e4 e5 2. Nc3 Nf6 3. f4 d5 4. fxe5 Nxe4 5. Qf3 Nxc3 6. bxc3 Be7 7. d4 c5 8. Bd3 cxd4 9. cxd4 Qa5+ 10. Bd2 Bb4 11. Rd1 Bxd2+ 12. Rxd2 Nc6 13. Ne2 Nb4 14. 0-0 0-0 15. Ng3 Qb6 16. c3 Nxd3 17. Rxd3 Qg6 18. h3 Bd7 19. Re3 Qg5 20. Nh5 Rac8 21. Nf4 Be6 22. Qf2 Qe7 23. Rg3 Kh8 24. Rf3 Rc7 25. Qg3 Rg8 26. Kh2 b5 27. Qe1 Rgc8 28. Rg3 Rc4 29. Rff3 b4 30. Nh5 bxc3 31. Rxg7 Rxd4 32. Qe3 Bg4 33. Qh6 Qxe5+ 34. Rg3 Bf5 35. Nf6 1-0

[Event "Reykjavik op"]
[Site "Reykjavik"]
[Date "2018.03.10"]
[Round "9"]
[White "Ramirez Alvarez, Alejandro"]
[Black "Perelshteyn, Eugene"]
[Result "1/2-1/2"]
[WhiteElo "2568"]
[BlackElo "2513"]
[PlyCount "89"]
[EventDate "2018.03.06"]
[EventType "swiss"]
[EventRounds "9"]
[EventCountry "ISL"]
[SourceTitle "CBM 183 Extra"]
[Source "ChessBase"]
[SourceDate "2018.04.19"]
[SourceVersion "1"]
[SourceVersionDate "2018.04.19"]
[SourceQuality "1"]

1. d4 Nf6 2. Nf3 e6 3. g3 b5 4. Bg2 Bb7 5. 0-0 Na6 6. c3 c5 7. Bg5 Be7 8. Nbd2 0-0 9. a3 h6 10. Bxf6 Bxf6 11. b4 d6 12. e3 Qb6 13. Qe2 cxd4 14. cxd4 Rac8 15. Rfc1 Nb8 16. Nb3 Be4 17. Nfd2 Bxg2 18. Kxg2 Qb7+ 19. Qf3 Qxf3+ 20. Kxf3 Nd7 21. a4 Rxc1 22. Nxc1 e5 23. axb5 exd4 24. Rxa7 Ne5+ 25. Ke2 dxe3 26. fxe3 Rb8 27. Ne4 Rxb5 28. Nxf6+ gxf6 29. Ra4 Kg7 30. Nd3 Kg6 31. h3 Rb8 32. Nf4+ Kf5 33. Nd5 Ke6 34. Ra5 f5 35. Nf4+ Kd7 36. Ra7+ Kc6 37. Ra6+ Kd7 38. Nd5 Ke6 39. Ra5 Nc4 40. Rb5 Rc8 41. Nf4+ Kf6 42. Nd5+ Ke6 43. Nf4+ Kf6 44. Rd5 Ra8 45. Nh5+ 1/2-1/2

[Event "Reykjavik op"]
[Site "Reykjavik"]
[Date "2018.03.08"]
[Round "4"]
[White "Perelshteyn, Eugene"]
[Black "Cumming, Rhys"]
[Result "1-0"]
[WhiteElo "2513"]
[BlackElo "2155"]
[PlyCount "83"]
[EventDate "2018.03.06"]
[EventType "swiss"]
[EventRounds "9"]
[EventCountry "ISL"]
[SourceTitle "CBM 183 Extra"]
[Source "ChessBase"]
[SourceDate "2018.04.19"]
[SourceVersion "1"]
[SourceVersionDate "2018.04.19"]
[SourceQuality "1"]

1. c4 Nf6 2. g3 g6 3. Bg2 Bg7 4. Nc3 c5 5. Nf3 0-0 6. 0-0 Nc6 7. d4 cxd4 8. Nxd4 Nxd4 9. Qxd4 d6 10. Qd3 Qa5 11. h3 Be6 12. Bd2 Qc7 13. b3 Nd7 14. Rac1 Ne5 15. Qe3 Qd7 16. Kh2 Nc6 17. Rfd1 Rac8 18. Be1 b6 19. Nd5 h5 20. f4 Bf5 21. Bc3 f6 22. Qd2 Bh6 23. Ne3 Be6 24. Qd3 Kf7 25. h4 Nd8 26. Bb2 Kg7 27. Be4 Bf7 28. Nd5 e5 29. Nxf6 Kxf6 30. Bxe5+ Ke7 31. Qe3 dxe5 32. Rxd7+ Kxd7 33. Qd3+ Kc7 34. c5 Nb7 35. cxb6+ Kxb6 36. Qe3+ Nc5 37. b4 exf4 38. bxc5+ Kc7 39. Qa3 Bd5 40. Qxa7+ Kd8 41. Rd1 fxg3+ 42. Kh3 1-0

[Event "Reykjavik op"]
[Site "Reykjavik"]
[Date "2018.03.07"]
[Round "2"]
[White "Perelshteyn, Eugene"]
[Black "Bewersdorff, Oliver"]
[Result "1-0"]
[WhiteElo "2513"]
[BlackElo "2312"]
[PlyCount "85"]
[EventDate "2018.03.06"]
[EventType "swiss"]
[EventRounds "9"]
[EventCountry "ISL"]
[SourceTitle "CBM 183 Extra"]
[Source "ChessBase"]
[SourceDate "2018.04.19"]
[SourceVersion "1"]
[SourceVersionDate "2018.04.19"]
[SourceQuality "1"]

1. Nf3 Nf6 2. g3 g6 3. Bg2 Bg7 4. c4 c6 5. 0-0 0-0 6. d4 d5 7. Qb3 Qb6 8. Bd2 dxc4 9. Qxc4 Be6 10. Qc2 Bf5 11. Qb3 Na6 12. Qa3 Qd8 13. Nc3 Ne4 14. Bf4 Nc7 15. Nh4 Nxc3 16. bxc3 Bg4 17. e4 Be2 18. Rfe1 Ba6 19. Nf3 Nb5 20. Qb3 Qa5 21. Rac1 Rad8 22. Nd2 Qa3 23. e5 Rc8 24. Ne4 b6 25. h4 Qxb3 26. axb3 Bb7 27. b4 h6 28. Be3 Rcd8 29. Red1 f6 30. c4 Nc7 31. f4 fxe5 32. dxe5 Ne6 33. Ra1 Rxd1+ 34. Rxd1 Rd8 35. Ra1 Ra8 36. Nc3 g5 37. hxg5 hxg5 38. b5 Nd8 39. Ne4 gxf4 40. gxf4 c5 41. Rd1 a6 42. bxa6 Bxa6 43. Nf6+ 1-0

[Event "Carlos Torre Memorial op 29th"]
[Site "Merida"]
[Date "2017.12.18"]
[Round "8"]
[White "Gonzalez Vidal, Yuri"]
[Black "Perelshteyn, Eugene"]
[Result "1-0"]
[WhiteElo "2546"]
[BlackElo "2518"]
[PlyCount "42"]
[EventDate "2017.12.14"]
[EventType "swiss"]
[EventRounds "9"]
[EventCountry "MEX"]
[SourceTitle "CBM 182 Extra"]
[Source "ChessBase"]
[SourceDate "2018.02.23"]
[SourceVersion "1"]
[SourceVersionDate "2018.02.23"]
[SourceQuality "1"]

1. e4 c5 2. Nf3 d6 3. d4 cxd4 4. Nxd4 Nf6 5. Nc3 Nc6 6. Bg5 g6 7. Bxf6 exf6 8. Bb5 Bd7 9. Nde2 Be6 10. f4 Bg7 11. Ng3 a6 12. Ba4 0-0 13. f5 Bc8 14. Bb3 b5 15. 0-0 Bb7 16. Kh1 Rc8 17. Bd5 Qb6 18. Nce2 Ne7 19. Bxb7 Qxb7 20. c3 Rfd8 21. Qb3 Qc6 1-0

[Event "Dallas Fall op"]
[Site "Dallas"]
[Date "2017.11.21"]
[Round "8"]
[White "Ghatti, Sanjay"]
[Black "Perelshteyn, Eugene"]
[Result "0-1"]
[WhiteElo "2178"]
[BlackElo "2523"]
[PlyCount "112"]
[EventDate "2017.11.17"]
[EventType "swiss"]
[EventRounds "9"]
[EventCountry "USA"]
[SourceTitle "CBM 181 Extra"]
[Source "ChessBase"]
[SourceDate "2017.12.12"]
[SourceVersion "1"]
[SourceVersionDate "2017.12.12"]
[SourceQuality "1"]

1. e4 c5 2. Nf3 g6 3. d4 Bg7 4. Nc3 cxd4 5. Nxd4 Nc6 6. Be3 Nf6 7. Bc4 Qa5 8. Nb3 Qc7 9. 0-0 0-0 10. f4 d6 11. h3 a6 12. a4 b6 13. Qe2 Na5 14. Nxa5 bxa5 15. Rad1 Bb7 16. Bd4 Nh5 17. Bxg7 Kxg7 18. Qd3 Qc5+ 19. Kh2 Nf6 20. Bb3 Rad8 21. Nd5 Rfe8 22. Nxf6 exf6 23. Bd5 Bxd5 24. exd5 Qb6 25. b3 Re3 26. Qd4 Qxd4 27. Rxd4 Rc8 28. Rd2 Rcc3 29. Rff2 f5 30. Rd4 Re4 31. Rdd2 Kf6 32. Rd3 Rxd3 33. cxd3 Rd4 34. Rc2 Rxd5 35. Rc6 Rxd3 36. Rxa6 Rxb3 37. Rxd6+ Ke7 38. Ra6 Rb4 39. Ra7+ Kf6 40. Ra6+ Kg7 41. Rxa5 Rxf4 42. Ra7 g5 43. Ra5 Kg6 44. Ra6+ f6 45. Ra8 Rf2 46. a5 f4 47. a6 Ra2 48. Kg1 h5 49. Kf1 g4 50. Rg8+ Kf5 51. Ra8 Ra1+ 52. Ke2 f3+ 53. gxf3 gxh3 54. Rh8 Kg5 55. a7 h2 56. f4+ Kh4 0-1

[Event "Dallas Fall op"]
[Site "Dallas"]
[Date "2017.11.21"]
[Round "7"]
[White "Perelshteyn, Eugene"]
[Black "Arribas Lopez, Angel"]
[Result "0-1"]
[WhiteElo "2523"]
[BlackElo "2471"]
[PlyCount "120"]
[EventDate "2017.11.17"]
[EventType "swiss"]
[EventRounds "9"]
[EventCountry "USA"]
[SourceTitle "CBM 181 Extra"]
[Source "ChessBase"]
[SourceDate "2017.12.12"]
[SourceVersion "1"]
[SourceVersionDate "2017.12.12"]
[SourceQuality "1"]

1. e4 c5 2. Nf3 d6 3. d4 cxd4 4. Qxd4 a6 5. c4 Nc6 6. Qe3 Qa5+ 7. Nc3 g6 8. Be2 Bg4 9. 0-0 Bh6 10. Qd3 Bxc1 11. Rfxc1 Bxf3 12. Qxf3 e6 13. b4 Qe5 14. Qe3 Qd4 15. b5 Qxe3 16. fxe3 Ne5 17. c5 dxc5 18. Na4 Nf6 19. Rxc5 Nfd7 20. Rc7 axb5 21. Bxb5 0-0 22. Rxb7 Rfb8 23. Rxb8+ Rxb8 24. Nc3 Rc8 25. Ne2 Nf6 26. Ng3 h5 27. h4 Rc3 28. a4 Rxe3 29. a5 Rxg3 30. a6 Nfd7 31. a7 Nb6 32. Ra6 Na8 33. Bc6 Nc7 34. Bb7 Rb3 35. a8Q+ Nxa8 36. Bxa8 Kg7 37. Ra1 Kf6 38. Rf1+ Ke7 39. Ra1 Kd6 40. Rd1+ Kc7 41. Rc1+ Kb8 42. Bc6 Nxc6 43. Rxc6 Rb4 44. g3 Rxe4 45. Kg2 Re3 46. Rc1 Rd3 47. Rc2 Rd7 48. Kf3 Rc7 49. Ra2 Kc8 50. Kf4 Kd7 51. Kg5 Rc5+ 52. Kf4 Ke7 53. Ra7+ Kf6 54. Kf3 Rc3+ 55. Kf2 e5 56. Rb7 Ra3 57. Rc7 Ke6 58. Rb7 f6 59. Rb6+ Kf5 60. Rc6 e4 0-1

[Event "Dallas Fall op"]
[Site "Dallas"]
[Date "2017.11.18"]
[Round "3"]
[White "Perelshteyn, Eugene"]
[Black "Li, Ruifeng"]
[Result "0-1"]
[WhiteElo "2523"]
[BlackElo "2570"]
[PlyCount "132"]
[EventDate "2017.11.17"]
[EventType "swiss"]
[EventRounds "9"]
[EventCountry "USA"]
[SourceTitle "CBM 181 Extra"]
[Source "ChessBase"]
[SourceDate "2017.12.12"]
[SourceVersion "1"]
[SourceVersionDate "2017.12.12"]
[SourceQuality "1"]

1. Nf3 c5 2. g3 Nc6 3. Bg2 g6 4. 0-0 Bg7 5. c4 e6 6. Nc3 Nge7 7. d3 d6 8. Bg5 h6 9. Bd2 b6 10. a3 Bb7 11. Rb1 0-0 12. b4 Qd7 13. e3 Rfd8 14. Qe2 Rac8 15. Rfd1 Ba8 16. Be1 Nf5 17. g4 Nfe7 18. h3 Ne5 19. Nxe5 Bxe5 20. Bxa8 Rxa8 21. f4 Bg7 22. bxc5 dxc5 23. Rbc1 e5 24. fxe5 Bxe5 25. Qg2 Qe6 26. Bf2 Rac8 27. Ne2 Rd7 28. Rc2 Bb8 29. Qf3 Nc6 30. Qg2 Ne7 31. Qf3 Nc6 32. Qg2 Rcd8 33. d4 cxd4 34. exd4 Ne5 35. Nf4 Qd6 36. Be3 Qxa3 37. Qe4 Nxc4 38. Rxc4 Re7 39. Rc3 Rxe4 40. Rxa3 Bxf4 41. Bf2 Re7 42. d5 Red7 43. Kg2 Rxd5 44. Rxd5 Rxd5 45. Rxa7 b5 46. Rb7 Bd2 47. Kf3 Bc3 48. Ke4 Re5+ 49. Kf3 b4 50. Be3 Kg7 51. h4 Rd5 52. Ke2 h5 53. g5 Ra5 54. Bf4 Ra2+ 55. Kf3 Rb2 56. Rc7 Rb1 57. Kg2 Rd1 58. Rb7 Kf8 59. Be3 Rb1 60. Rc7 Ke8 61. Bf4 Rd1 62. Rb7 Rd7 63. Rb8+ Ke7 64. Kf3 Ke6 65. Ke4 Rd4+ 66. Kf3 Rxf4+ 0-1

[Event "Douglas IoM op"]
[Site "Douglas"]
[Date "2017.09.30"]
[Round "8"]
[White "Degtiarev, Evgeny"]
[Black "Perelshteyn, Eugene"]
[Result "1/2-1/2"]
[WhiteElo "2412"]
[BlackElo "2524"]
[PlyCount "135"]
[EventDate "2017.09.23"]
[EventType "swiss"]
[EventRounds "9"]
[EventCountry "IOM"]
[SourceTitle "CBM 181"]
[Source "ChessBase"]
[SourceDate "2017.11.10"]
[SourceVersion "1"]
[SourceVersionDate "2017.11.10"]
[SourceQuality "1"]

1. d4 Nf6 2. c4 g6 3. Nc3 d5 4. cxd5 Nxd5 5. e4 Nxc3 6. bxc3 Bg7 7. Bc4 c5 8. Ne2 0-0 9. 0-0 Nc6 10. Be3 Bg4 11. f3 Bd7 12. Rb1 Rc8 13. dxc5 Na5 14. Bd5 Qc7 15. Kh1 Rfd8 16. Qc1 e6 17. Bf4 Qxc5 18. Bxb7 Nxb7 19. Rxb7 Bb5 20. Re1 a6 21. Bg5 Rd7 22. Rxd7 Bxd7 23. Be3 Qa5 24. Qd2 Bb5 25. Bd4 Rd8 26. Qe3 Qxa2 27. Bxg7 Kxg7 28. Nd4 Qc4 29. h4 Rc8 30. Nxb5 Qxb5 31. Ra1 Rc4 32. Qd3 Ra4 33. Qd1 Rxa1 34. Qxa1 Kg8 35. Qd1 a5 36. Qd8+ Kg7 37. Qd4+ e5 38. Qd6 a4 39. Kh2 Qa5 40. Qa3 Qa6 41. h5 gxh5 42. Qc5 Kf6 43. Qf8 Qa5 44. Qd6+ Kg7 45. Qa3 Qb5 46. Qe7 h6 47. Qa7 Qb3 48. Qc7 a3 49. Qxe5+ Kg8 50. Qxh5 Qxc3 51. Qd5 Qb2 52. e5 Kg7 53. Qe4 Qd2 54. Qg4+ Qg5 55. Qd4 a2 56. e6+ Qf6 57. Qg4+ Kf8 58. exf7 Qd6+ 59. f4 Kxf7 60. Qf5+ Kg7 61. Qg4+ Qg6 62. Qd7+ Qf7 63. Qd4+ Kg6 64. Qd3+ Kg7 65. Qd4+ Kh7 66. Qd3+ Kg8 67. Qd8+ Kg7 68. Qd4+ 1/2-1/2

[Event "Douglas IoM op"]
[Site "Douglas"]
[Date "2017.09.28"]
[Round "6"]
[White "Karavade, Eesha"]
[Black "Perelshteyn, Eugene"]
[Result "0-1"]
[WhiteElo "2384"]
[BlackElo "2524"]
[PlyCount "92"]
[EventDate "2017.09.23"]
[EventType "swiss"]
[EventRounds "9"]
[EventCountry "IOM"]
[SourceTitle "CBM 181"]
[Source "ChessBase"]
[SourceDate "2017.11.10"]
[SourceVersion "1"]
[SourceVersionDate "2017.11.10"]
[SourceQuality "1"]

1. e4 c5 2. Nf3 g6 3. d4 Bg7 4. dxc5 Nf6 5. e5 Ng4 6. Qd4 h5 7. Bb5 a6 8. Ba4 0-0 9. 0-0 d6 10. cxd6 exd6 11. Nc3 Nxe5 12. Nxe5 Bxe5 13. Qd3 Bf5 14. Qd5 Nd7 15. Be3 Nf6 16. Qd2 Rc8 17. Bd4 Rc4 18. Bxe5 dxe5 19. Qxd8 Rxd8 20. Bb3 Rcd4 21. Rfe1 Rd2 22. Rac1 e4 23. h3 h4 24. Rcd1 Kf8 25. Rxd2 Rxd2 26. Rd1 Rxd1+ 27. Nxd1 Ke7 28. Kf1 Be6 29. Nc3 Bxb3 30. axb3 Kd6 31. Ke2 Ke5 32. Ke3 a5 33. f3 exf3 34. Kxf3 g5 35. Ne2 Ne4 36. Ke3 f5 37. Nc1 Nc5 38. Na2 Na6 39. Kf3 Nb4 40. Nxb4 axb4 41. c3 b6 42. Ke3 g4 43. hxg4 fxg4 44. cxb4 b5 45. Kf2 Kd4 46. Ke2 Ke4 0-1

[Event "Washington op 6th"]
[Site "Rockville"]
[Date "2017.08.16"]
[Round "9"]
[White "Naroditsky, Daniel"]
[Black "Perelshteyn, Eugene"]
[Result "0-1"]
[WhiteElo "2647"]
[BlackElo "2507"]
[PlyCount "82"]
[EventDate "2017.08.12"]
[EventType "swiss"]
[EventRounds "9"]
[EventCountry "USA"]
[SourceTitle "CBM 180 Extra"]
[Source "ChessBase"]
[SourceDate "2017.10.06"]
[SourceVersion "1"]
[SourceVersionDate "2017.10.06"]
[SourceQuality "1"]

1. d4 Nf6 2. Bf4 g6 3. Nc3 d5 4. Qd2 Bg7 5. Bh6 Bxh6 6. Qxh6 Bf5 7. 0-0-0 Ng4 8. Qf4 Qd6 9. Qxd6 cxd6 10. Nh3 e6 11. e3 Nc6 12. Rd2 Nf6 13. Nf4 g5 14. Nfe2 Ke7 15. Ng3 Bg6 16. h4 h6 17. h5 Bh7 18. f3 a6 19. e4 dxe4 20. fxe4 b5 21. a3 Nd7 22. Nd1 b4 23. axb4 Nxb4 24. c3 Rhc8 25. Ne3 a5 26. Kb1 Nc6 27. Bd3 a4 28. Ka2 Na5 29. Rf1 Kf8 30. Rdf2 Bg8 31. Ng4 Kg7 32. Bb5 Rc7 33. Bxd7 Rxd7 34. d5 Rb7 35. dxe6 fxe6 36. Rf6 Bh7 37. Ne3 Rab8 38. Nd1 Nc4 39. Rxe6 Nxb2 40. Rxd6 Nc4 41. Re6 Rb3 0-1

[Event "World op 45th"]
[Site "Philadelphia"]
[Date "2017.06.30"]
[Round "1"]
[White "Perelshteyn, Eugene"]
[Black "Abdi, Farzad"]
[Result "1-0"]
[WhiteElo "2511"]
[BlackElo "2142"]
[PlyCount "41"]
[EventDate "2017.06.29"]
[EventType "swiss"]
[EventRounds "9"]
[EventCountry "USA"]
[SourceTitle "CBM 179 Extra"]
[Source "ChessBase"]
[SourceDate "2017.08.23"]
[SourceVersion "1"]
[SourceVersionDate "2017.08.23"]
[SourceQuality "1"]

1. d4 Nf6 2. c4 e6 3. Nc3 Bb4 4. Qc2 d5 5. Nf3 0-0 6. cxd5 exd5 7. Bf4 c5 8. dxc5 Nc6 9. e3 d4 10. 0-0-0 Bg4 11. exd4 Bxf3 12. gxf3 Nxd4 13. Qa4 Bxc5 14. Be3 a6 15. Bxd4 b5 16. Bxf6 Qxf6 17. Qg4 Ba3 18. Qd4 Qh6+ 19. Qe3 Qf6 20. bxa3 Rfc8 21. Kb2 1-0

[Event "Chicago op 26th"]
[Site "Chicago"]
[Date "2017.05.25"]
[Round "1"]
[White "Perelshteyn, Eugene"]
[Black "Gorti, Akshita"]
[Result "1-0"]
[WhiteElo "2511"]
[BlackElo "2240"]
[PlyCount "79"]
[EventDate "2017.05.25"]
[EventType "swiss"]
[EventRounds "9"]
[EventCountry "USA"]
[SourceTitle "CBM 178 Extra"]
[Source "ChessBase"]
[SourceDate "2017.06.22"]
[SourceVersion "1"]
[SourceVersionDate "2017.06.22"]
[SourceQuality "1"]

1. d4 e6 2. c4 Nf6 3. Nc3 Bb4 4. Qc2 b6 5. Nf3 Bb7 6. g3 c5 7. dxc5 bxc5 8. Bg2 0-0 9. 0-0 d6 10. Rd1 Bxc3 11. Qxc3 Qb6 12. b3 Nbd7 13. Bb2 a5 14. a4 Rab8 15. Nd2 Bxg2 16. Kxg2 Rfd8 17. Qf3 d5 18. cxd5 exd5 19. e3 Qa6 20. Rac1 Rbc8 21. Ba1 Rc6 22. Rc2 Qb6 23. Rdc1 Rdc8 24. h3 h6 25. Kh2 Re6 26. Qf5 Qb7 27. Bd4 Rec6 28. Bc3 Qb6 29. Qd3 Rb8 30. Bd4 Ne4 31. Nxe4 dxe4 32. Qe2 Re6 33. Bxc5 Qxb3 34. Bd4 Qd5 35. Rc8+ Rxc8 36. Rxc8+ Kh7 37. Rd8 Qc6 38. Qg4 f6 39. Qf5+ g6 40. Qxa5 1-0

[Event "Reykjavik op"]
[Site "Reykjavik"]
[Date "2017.04.26"]
[Round "9"]
[White "Perelshteyn, Eugene"]
[Black "Kamsky, Gata"]
[Result "0-1"]
[WhiteElo "2509"]
[BlackElo "2668"]
[PlyCount "106"]
[EventDate "2017.04.19"]
[EventType "swiss"]
[EventRounds "10"]
[EventCountry "ISL"]
[SourceTitle "CBM 178 Extra"]
[Source "ChessBase"]
[SourceDate "2017.06.22"]
[SourceVersion "1"]
[SourceVersionDate "2017.06.22"]
[SourceQuality "1"]

1. e4 c5 2. Nf3 Nc6 3. d4 cxd4 4. Nxd4 Qb6 5. Nb3 Nf6 6. Nc3 e6 7. Bd3 a6 8. Be3 Qc7 9. f4 d6 10. Qf3 b5 11. g4 Nb4 12. a3 Nxd3+ 13. cxd3 Bb7 14. Rc1 Qd8 15. 0-0 Be7 16. Nd4 g6 17. b4 Rc8 18. Nde2 Nd7 19. Bd4 0-0 20. f5 Bg5 21. Rcd1 Bf6 22. Bxf6 Qxf6 23. fxe6 Qxe6 24. Nf4 Qf6 25. Nfd5 Qxf3 26. Rxf3 Kg7 27. Rdf1 Ne5 28. Rg3 h6 29. h3 Bxd5 30. Nxd5 Rc2 31. d4 Nc4 32. Rgf3 Re2 33. Nc3 Rd2 34. Rd1 Rxd1+ 35. Nxd1 Nd2 36. Rc3 Nxe4 37. Rc6 f5 38. gxf5 Rxf5 39. Nc3 Nxc3 40. Rxc3 Rf4 41. Rc6 Rxd4 42. Rxa6 Kf6 43. Ra5 Rd5 44. a4 Rg5+ 45. Kf2 bxa4 46. Rxa4 Rb5 47. Kf3 Ke6 48. h4 Kd5 49. Kf4 Rb6 50. Ke3 Kc4 51. b5+ Kc5 52. Ra8 Rxb5 53. Rg8 Rb4 0-1

[Event "Reykjavik op"]
[Site "Reykjavik"]
[Date "2017.04.23"]
[Round "6"]
[White "Vaishali, Ramesh Babu"]
[Black "Perelshteyn, Eugene"]
[Result "1-0"]
[WhiteElo "2259"]
[BlackElo "2509"]
[PlyCount "105"]
[EventDate "2017.04.19"]
[EventType "swiss"]
[EventRounds "10"]
[EventCountry "ISL"]
[SourceTitle "CBM 178 Extra"]
[Source "ChessBase"]
[SourceDate "2017.06.22"]
[SourceVersion "1"]
[SourceVersionDate "2017.06.22"]
[SourceQuality "1"]

1. e4 c5 2. Nf3 d6 3. c3 Nf6 4. Be2 Nbd7 5. d3 b6 6. 0-0 Bb7 7. Nbd2 g6 8. Re1 Bg7 9. Bf1 0-0 10. d4 Qc7 11. Bd3 cxd4 12. cxd4 e5 13. d5 Nc5 14. Bc2 a5 15. a4 Na6 16. Ra3 Nd7 17. Bd3 Nb4 18. Bb5 Nc5 19. Nb3 h6 20. Nxc5 bxc5 21. Bc4 Kh7 22. Bd2 Qd8 23. Rae3 f5 24. exf5 gxf5 25. Bc3 Qd7 26. Nh4 Ba6 27. b3 Bxc4 28. bxc4 Qf7 29. Rg3 f4 30. Rg6 f3 31. Qb1 Kg8 32. Nxf3 Rad8 33. Bd2 Qf5 34. Bxh6 Kh7 35. Rxg7+ Kxh6 36. Qxf5 Rxf5 37. Rg4 Rb8 38. Rb1 Rbf8 39. Rb3 Rf4 40. Nxe5 Rxg4 41. Nxg4+ Kg5 42. Rg3 Rf4 43. Ne3+ Kf6 44. Rg4 Rxg4 45. Nxg4+ Kg5 46. Ne3 Nd3 47. Nd1 Ne5 48. Nb2 Kf4 49. h4 Ke4 50. h5 Kd4 51. h6 Kc3 52. h7 Ng6 53. f4 1-0